00476nam a2200181 a 4500001001300000003000900013005001700022008004100039020001000080082001500090100002100105245002800126260004100154300000900195500003500204650003400239700002100273nice12345678IN_TiNIC20260116012640.0070625s1975 edia grp 000 0 eng  ac10000a227.4bBAR aBarclay, William aLetter to the Galatians aEdinburgh bSt. Andrews Press c1975 a219p aincludes index and biblioraphy aBible N.T. Epistles Galatians1 aBarclay, William